000 00636nam a2200193 i 4500
001 149568
003 ES-MaACL
005 20240502063046.0
007 t|
008 071023s1976 sp ||||1| spa d
100 0 _aVázquez Montalbán, Manuel,
_d1939-
_9113463
245 1 0 _aQué es el imperialismo /
_cManuel Vázquez Montalbán.
260 _aBarcelona :
_bLa Gaya Ciencia,
_c1976.
300 _a79 p. :
_bil. ;
_c17 cm.
490 1 _aBiblioteca de divulgación política ;
_v19
830 0 _aBiblioteca de divulgación política ;
_v19
_9187096
852 _aES-MaACL
_jA-5813
_bR.94804
999 _c149568
_d149568